| 000 | 00424cam a2200181 4500 | ||
|---|---|---|---|
| 008 | 090401t1983 xxu||||| |||| 00| 0 eng d | ||
| 020 | _a0419123806 | ||
| 035 | _a(Sirsi) u62436 | ||
| 041 | _aeng | ||
| 050 | _a333.33 | ||
| 100 | _aScarrett, Douglas | ||
| 245 | _aProperty management | ||
| 260 |
_aLondon _bE. and F.N. Spon _c1983 |
||
| 300 | _axvi,250p. ; 22cm. | ||
| 350 | _a14 | ||
| 942 | _n0 | ||
| 948 | _c04/03/1997 | ||
| 999 |
_c94411 _d94411 |
||